Macroeconomic theory / (Record no. 3401)

MARC details
000 -LEADER
fixed length control field 00524nam a2200205 4500
003 - CONTROL NUMBER IDENTIFIER
control field OSt
005 - DATE AND TIME OF LATEST TRANSACTION
control field 20160331191320.0
008 - FIXED-LENGTH DATA ELEMENTS--GENERAL INFORMATION
fixed length control field 160331b xxu||||| |||| 00| 0 eng d
020 ## - INTERNATIONAL STANDARD BOOK NUMBER
International Standard Book Number 8187125012
040 ## - CATALOGING SOURCE
Transcribing agency 040a
082 ## - DEWEY DECIMAL CLASSIFICATION NUMBER
Classification number 339
Item number JHI 1997
100 ## - MAIN ENTRY--PERSONAL NAME
Personal name Jhingan, M.L
9 (RLIN) 7574
245 ## - TITLE STATEMENT
Title Macroeconomic theory /
Statement of responsibility, etc. M. L Jhingan
250 ## - EDITION STATEMENT
Edition statement 10th.ed
260 ## - PUBLICATION, DISTRIBUTION, ETC. (IMPRINT)
Place of publication, distribution, etc. New Delhi
Name of publisher, distributor, etc. Vrinda Publications
Date of publication, distribution, etc. 1997
300 ## - PHYSICAL DESCRIPTION
Extent xvi, 770p;
Other physical details ill :
Dimensions 10 cm
504 ## - BIBLIOGRAPHY, ETC. NOTE
Bibliography, etc Includes index
650 ## - SUBJECT ADDED ENTRY--TOPICAL TERM
Topical term or geographic name as entry element Economics
9 (RLIN) 975
942 ## - ADDED ENTRY ELEMENTS (KOHA)
Source of classification or shelving scheme Dewey Decimal Classification
Koha item type Short Loan
Holdings
Withdrawn status Lost status Source of classification or shelving scheme Damaged status Not for loan Home library Current library Date acquired Inventory number Total Checkouts Full call number Barcode Date last seen Price effective from Koha item type
    Dewey Decimal Classification     MUST Main Library MUST Main Library 31/03/2016 2001/16554   339 JHI 1997 2016-0614 31/03/2016 31/03/2016 Short Loan
    Dewey Decimal Classification     MUST Main Library MUST Main Library 31/03/2016 2001/16553   339 JHI 1997 2016-0615 31/03/2016 31/03/2016 Short Loan